Sociología (Record no. 209424)

MARC details
000 -CABECERA
campo de control de longitud fija 00781nam a2200265 a 4500
005 - FECHA Y HORA DE LA ÚLTIMA TRANSACCIÓN
campo de control 20240925065632.0
008 - ELEMENTOS DE LONGITUD FIJA--INFORMACIÓN GENERAL
campo de control de longitud fija 121114s1991 sp spa
020 ## - NÚMERO INTERNACIONAL NORMALIZADO PARA LIBROS
Número Internacional Estándar del Libro 8420681393
040 ## - FUENTE DE LA CATALOGACIÓN
Centro catalogador/agencia de origen MX-MxUPN
Lengua de catalogación spa
Centro/agencia transcriptor MX-MxUPN
041 1# - CÓDIGO DE IDIOMA
Código de lengua del texto/banda sonora o título independiente spa
Código de lengua original eng
050 #4 - SIGNATURA TOPOGRÁFICA DE LA BIBLIOTECA DEL CONGRESO
Número de clasificación HM51
Número de documento/Ítem G57 1991
100 1# - ASIENTO PRINCIPAL--NOMBRE PERSONAL
Nombre de persona Giddens, Anthony,
Fechas asociadas al nombre 1938-
9 (RLIN) 28380
240 ## - TÍTULO UNIFORME
Título uniforme Sociology.
Lenguaje de la obra Español
245 10 - MENCIÓN DE TÍTULO
Título Sociología
260 ## - PUBLICACIÓN, DISTRIBUCIÓN, ETC.
Lugar de publicación, distribución, etc. Madrid, España :
Nombre del editor, distribuidor, etc. Alianza,
Fecha de publicación, distribución, etc. 1991.
300 ## - DESCRIPCIÓN FÍSICA
Extensión 864 páginas :
Otras características físicas ilustraciones, tablas, gráficas
490 ## - MENCIÓN DE SERIE
Mención de serie Alianza Universidad textos ;
Designación de volumen o secuencia 139
500 ## - NOTA GENERAL
Nota general Traducción de: Sociology
650 #4 - ASIENTO SECUNDARIO DE MATERIA - TERMINO TEMATICO
Término de materia o nombre geográfico como elemento de entrada Sociología
9 (RLIN) 5756
700 1# - ASIENTO SECUNDARIO--NOMBRE DE PERSONAL
Nombre de persona Albero, Teresa
Término indicativo de función/relación traducción
9 (RLIN) 48535
902 ## - ELEMENTOS DE DATOS B LOCAL, LDB (RLIN)
Modificó NoemiAcosta/230323
905 ## - TIPO DE MATERIAL
Tipo de material Libro
942 ## - ELEMENTOS DE PUNTO DE ACCESO ADICIONAL (KOHA)
Fuente del sistema de clasificación o colocación Library of Congress Classification
Tipo de ítem Koha Libro
Holdings
Estado de retiro Estado de pérdida Fuente del sistema de clasificación o colocación Estado dañado No para préstamo Código de colección Localización permanente Ubicación/localización actual Ubicación en estantería Fecha de adquisición Clasificación Código de barras Fecha visto por última vez Precio válido a partir de Tipo de ítem Koha Nota pública
    Library of Congress Classification     Colección General Bib. Gregorio Torres Quintero Bib. Gregorio Torres Quintero Planta baja 23/03/2023 HM51 G57 1991 333951 23/03/2023 23/03/2023 Libro Ejemplar firmado